000
00282nam a2200121Ia 4500
008
201210s9999 xx 000 0 und d
100
_a
Subramaniam, Capt. H.
245
0
_a
Ship stability
260
_a
Bombay
_b
Vijaya Publications
300
_a
210
490
_v
Vol-III
942
_c
BK
999
_c
5564
_d
5564